Cartas filosóficas

Gardado en:
Detalles Bibliográficos
Autor Principal: Voltaire
Formato: Libro
Idioma:Undetermined
Publicado: Buenos Aires, Argentina REI [s.f.]
Materias:
Etiquetas: Engadir etiqueta
Sen Etiquetas, Sexa o primeiro en etiquetar este rexistro!

MARC

LEADER 00000nam a2200000Ia 4500
008 170316s9999 xx 000 0 und d
090 |a 100 V-24c 
100 |a Voltaire 
245 |a Cartas filosóficas 
260 |a Buenos Aires, Argentina 
260 |b REI 
260 |c [s.f.] 
300 |a 95 páginas 
650 |a FILOSOFÍA 
650 |a CARTAS FILOSÓFICAS 
999 |c 17864  |d 17864 
040 |a cru BVZT 
942 |c 15 D  |h 100 V-24c  |2 z